Návrh nosnej konštrukcie školy s využitím betónu s recyklovaným kamenivom v stĺpoch rozšírený o experimentálne merania.
Saved in:
| Main Author: | |
|---|---|
| Other Authors: | |
| Format: | Manuscript Book |
| Language: | Slovak |
| Published: |
2025
|
| Subjects: | |
| Online Access: | http://is.stuba.sk/zp/portal_zp.pl?podrobnosti=182490 CRZP |
| Tags: |
No Tags, Be the first to tag this record!
|
MARC
| LEADER | 00000ntm a22000003a 4500 | ||
|---|---|---|---|
| 001 | stuzp104400 | ||
| 003 | SK-STU | ||
| 005 | 20250721112213.4 | ||
| 007 | ta | ||
| 008 | 150427s2015----xo-----f-mn---000-0-slo-d | ||
| 040 | |a STU |b slo | ||
| 041 | 0 | |a slo | |
| 100 | 1 | |a Bobek, Martin |u 010110 |4 aut |U SvF Stavebná fakulta |T SvF Katedra betónových konštrukcií a mostov |X 103678 |U V110 |Y 11 |7 103678 | |
| 242 | 0 | 1 | |a Design of the load-bearing structure of the school using concrete with recycled aggregate in the columns extended by experimental measurements |y eng |
| 245 | 1 | 0 | |a Návrh nosnej konštrukcie školy s využitím betónu s recyklovaným kamenivom v stĺpoch rozšírený o experimentálne merania. |
| 260 | |c 2025 | ||
| 650 | 4 | |a recycled aggregate |2 eng | |
| 650 | 4 | |a school |2 eng | |
| 650 | 4 | |a experiment |2 eng | |
| 650 | 4 | |a eccentricity |2 eng | |
| 650 | 4 | |a column |2 eng | |
| 650 | 4 | |a resistance |2 eng | |
| 650 | 4 | |a recycled aggregate concrete |2 eng | |
| 650 | 4 | |a experiment |2 slo | |
| 650 | 4 | |a stĺp |2 slo | |
| 650 | 4 | |a odolnosť |2 slo | |
| 650 | 4 | |a betón s recyklovaným kamenivom |2 slo | |
| 650 | 4 | |a recyklované kamenivo |2 slo | |
| 650 | 4 | |a škola |2 slo | |
| 650 | 4 | |a excentricita |2 slo | |
| 700 | 1 | |a Sonnenschein, Róbert |u 010110 |k Z1 |4 ths |U SvF Stavebná fakulta |T SvF Katedra betónových konštrukcií a mostov |X 28824 |U V110 |Y 11 |7 A000028824 | |
| 856 | 4 | |u http://is.stuba.sk/zp/portal_zp.pl?podrobnosti=182490 | |
| 856 | 4 | |u https://opac.crzp.sk/?fn=detailBiblioForm&sid=BBB70232DB8D19E5F421B8DCF3EF |z CRZP | |